| 000 | 00394nam a22001217a 4500 | ||
|---|---|---|---|
| 040 | _cDLC | ||
| 082 | _a 604 JAN 1992 C283 Or. | ||
| 100 | _aJanet Duro, Ilya Moeliono | ||
| 245 |
_a Sustainable agriculture for the lowlands : _bresource book |
||
| 260 |
_aBangkok, _bSoutheast Asia Sustainable Agriculture Network (SESAN), _c1992 |
||
| 300 |
_axiv, 286 s. _b illustrations _c27CM |
||
| 942 | _cAEDBB | ||
| 999 |
_c22515 _d22515 |
||